| 000 | 01627nam a22003857 4500 | ||
|---|---|---|---|
| 001 | 195967 | ||
| 003 | ES-MaACL | ||
| 005 | 20250825062656.0 | ||
| 008 | 240925s1964 sp spa | ||
| 016 | 7 |
_abimoBNE19983310940 _zIND9200489874 _2SpMaBN |
|
| 017 |
_aM 1945-1964 _bOficina Depósito Legal Madrid |
||
| 035 | _a(OCoLC)434375193 | ||
| 035 | _a(SpMaBN)Mimo0002252475 | ||
| 035 | _a991001425789708606 | ||
| 040 |
_aSpMaBN _bspa _cA2 |
||
| 080 | _a75(46)"18/19" | ||
| 100 | 1 |
_aLarraiza, R. M. _eaut _9237738 |
|
| 245 | 1 | 3 |
_aLa pintura española moderna y contemporánea. _nII, _pDe Nonell al informalismo / _cR.M. Larraiza ; texto y selección gráfica de Jorge Larco ; prólogo de Juan Antonio Gaya Nuño |
| 246 | _aDe Nonell al informalismo | ||
| 260 |
_aMadrid : _bCastilla, _c[1964]. |
||
| 300 |
_a189 p. : _blám. col. ; _c35 cm. |
||
| 490 | 1 |
_aLa pintura española moderna y contemporánea ; _v2 |
|
| 650 | 7 |
_aPintura española- _yS.XIX _9143830 |
|
| 650 | 4 |
_aPintura española- _yS.XX _2embne _916042 |
|
| 655 | 7 |
_2tgfbne _aLibros ilustrados _9193653 |
|
| 700 | 0 |
_aGaya Nuño, Juan Antonio, _d1913-1976 _956130 _eaui |
|
| 700 | 1 |
_aLarco, Jorge, _d1897-1967 _970230 _eaut |
|
| 830 |
_9240025 _aLa pintura española moderna y contemporánea ; _v2 |
||
| 852 |
_aES-MaACL _bR.153057 _cDEPOJ _jN-9099 _hDonación: Carlos d'Ors Führer _xEncuadernación en tela _9204100 |
||
| 903 |
_987369 _aOrs Führer, Carlos d' _ednr |
||
| 942 | _cMONOGRAFIA | ||
| 999 |
_c195967 _d195967 |
||